Closest capital acrostics- C capitals - Statistics

General Stats
  • This quiz has been taken 85 times
  • The average score is 35 of 48
Answer Stats
Hint Answer % Correct
O Oslo
93%
A Amman
91%
I Islamabad
91%
C Chisinau
86%
I Islamabad
86%
R Riyadh
86%
O Oslo
84%
U Ulaanbaatar
84%
A Amsterdam
81%
A Apia
81%
A Asuncion
81%
C Caracas
81%
C Copenhagen
81%
H Helsinki
81%
H Helsinki
81%
I Islamabad
81%
C Castries
79%
C Chisinau
79%
O Ouagadougou
77%
P Prague
77%
R Roseau
77%
R Roseau
74%
S Sofia
74%
T Tegucigalpa
74%
R Riyadh
72%
A Accra
70%
A Asuncion
70%
S Saint John's
70%
B Bandar Seri Begawan
67%
C Cairo
67%
K Kinshasa
67%
N Nicosia
67%
S Saint George's
67%
S Saint George's
67%
A Ankara
65%
N Nicosia
65%
R Rabat
65%
C Castries
63%
Y Yamoussoukro
63%
A Accra
58%
A Andorra la Vella
58%
G Georgetown
58%
N Nuku'alofa
58%
R Riga
58%
C Conakry
56%
N Niamey
56%
A Antananarivo
53%
N Nouakchott
53%
No matching quizzes found
Score Distribution
Percent of People with Each Score
Percentile by Number Answered
Your Score History
You have not taken this quiz